Grandes enigmas del cielo y de la tierra / (Record no. 142170)

MARC details
000 -LEADER
campo de control de longitud fija 00493nam a2200169 i 4500
001 - NÚMERO DE CONTROL
campo de control 142170
003 - IDENTIFICADOR DE NÚMERO DE CONTROL
campo de control ES-MaACL
005 - FECHA Y HORA DE LA ÚLTIMA TRANSACCIÓN
campo de control 20230906200449.0
007 - CAMPO FIJO DE DESCRIPCIÓN FÍSICA--INFORMACIÓN GENERAL
campo de control de longitud fija t|
008 - DATOS DE LONGITUD FIJA--INFORMACIÓN GENERAL
campo de control de longitud fija 071003s1973 sp ||||1| spa d
080 ## - NÚMERO DE LA CLASIFICACIÓN DECIMAL UNIVERSAL
Número de la Clasificación Decimal Universal 860(82)-96"19"
100 1# - ENTRADA PRINCIPAL--NOMBRE DE PERSONA
Nombre de persona Vignati, Alejandro.
9 (RLIN) 114642
245 10 - MENCIÓN DEL TÍTULO
Título Grandes enigmas del cielo y de la tierra /
Mención de responsabilidad, etc. A. Vignati, A. Faber.
260 ## - PUBLICACIÓN, DISTRIBUCIÓN, ETC.
Lugar de publicación, distribución, etc. [Barcelona] :
Nombre del editor, distribuidor, etc. A. T. E.,
Fecha de publicación, distribución, etc. [1973]
700 1# - ENTRADA AGREGADA--NOMBRE PERSONAL
Nombre de persona Faber-Kaiser, Andreas.
9 (RLIN) 48509
852 ## - LOCALIZACIÓN
Ubicación ES-MaACL
Número de control de estantería C-54922
Sublocalización o colección R.87646
Holdings
Estatus retirado Estado de pérdida Estado de daño No para préstamo Biblioteca de origen Biblioteca actual Ubicación en estantería Fecha de adquisición Fuente de adquisición Total de préstamos Signatura topográfica completa Código de barras Visto por última vez Precio de reemplazo Tipo de ítem Koha
        Biblioteca del Ateneo de Madrid Biblioteca del Ateneo de Madrid Depósito 2 17/01/2008     C-54922 1147926 23/02/2023 23/02/2023 Libro impreso